Currículum y actores : diversas miradas /

保存先:
書誌詳細
第一著者: Barrón Tirado, María Concepción (coord.)
フォーマット: 図書
言語:スペイン語
出版事項: México : UNAM, Centro de Estudios sobre la Universidad, 2004, c2004
シリーズ:(Pensamiento Universitario. Tercera Epoca ; 97)
主題:
タグ: タグ追加
タグなし, このレコードへの初めてのタグを付けませんか!

MARC

LEADER 00000nam^a2200000^a^4500
001 000182979
005 20250521000000.0
009 20260310102024.492
020 |a 970-32-1497-7 
037 |a Acervo ITESO - Biblioteca 
041 |a ESP 
082 |a 375. 00972  |b BAR 
100 |a Barrón Tirado, María Concepción  |e (coord.) 
245 1 0 |a Currículum y actores :  |b diversas miradas /  |c Coord. y presen. de C. Barrón Tirado. 
264 4 |a México :  |b UNAM, Centro de Estudios sobre la Universidad,  |c 2004, c2004 
300 |a 228 p. 
336 |a texto  |b txt  |2 rdacontenido 
337 |a sin mediación  |b n  |2 rdamedio 
338 |a volumen  |b nc  |2 rdasoporte 
440 1 |a (Pensamiento Universitario.  |p Tercera Epoca ;  |v 97) 
649 |a XX 
650 |a Diseño y Revisión Curricular 
650 |a Currículo 
650 |a Tutoría 
650 |a Formación y Capacitación de Profesores 
650 |a Proceso Educativo 
650 |a Educación Media Superior -  |z México (Ciudad) 
650 |a Educación Superior -  |z México (Ciudad) 
910 |a Fondo General 
920 |a Impresos - Libros 
930 |a Colección General 
905 |a 101 
901 |a 0500122990  |b IT1  |c ACC  |u 20250521 
902 |a https://opac.biblio.iteso.mx/vufind/Record/000182979